La commune française la moins trouvée de chaque département - Carte Quiz - Statistiques

Statistiques générales
  • Ce quiz a été pris 13 fois
  • Le résultat moyen est 12 sur 101
Réponses sur la Carte
Les réponses sont colorées sur une échelle allant du rouge au vert en fonction du pourcentage des utilisateurs qui les ont devinées à leur premier essai. Vous pouvez retrouver ces pourcentages ci-dessous.
 
Statistiques - réponses
Réponse % Correct
Paris
100%
M'Tsangamouji
92%
Gournay-sur-Marne
77%
Cardo-Torgia
69%
Les Velluire-sur-Vendée
62%
Pronville-en-Artois
54%
Regnéville-sur-Meuse
54%
Wolfersdorf
54%
Chavannaz
38%
Grand-Bourg
38%
Ouanary
38%
Périgny
38%
Vaucresson
38%
Hertzing
31%
Les Trois Bassins
31%
Chevaigné-du-Maine
23%
Libaros
23%
Marsac
23%
Menouville
23%
Reutenbourg
23%
Avrecourt
15%
Curac
15%
Les Tourreilles
15%
Lugaignac
15%
Novale
15%
Peumerit-Quintin
15%
Pontcirq
15%
Rives-de-Boutonne
15%
Ardeuil-et-Montfauxelles
8%
Bagert
8%
Collongues
8%
Dognen
8%
Le Bosc-Renoult
8%
Le Bourguet
8%
Les Salelles
8%
Leyritz-Moncassin
8%
Malvières
8%
Ménerville
8%
Montrosier
8%
Saint-Cyr-la-Rivière
8%
Saujac
8%
Sorbets
8%
Thiraucourt
8%
Troncens
8%
Vandelans
8%
Bésignan
0%
Bessins
0%
Bournand
0%
Brissay-Choigny
0%
Caunettes-en-Val
0%
Chalais
0%
Collandres
0%
Collorec
0%
Conat
0%
Concriers
0%
Courchamps
0%
Couvains
0%
Fonds-Saint-Denis
0%
Gardefort
0%
Gigors
0%
Joncreuil
0%
Jouaville
0%
La Bruguière
0%
La Chapelle-Forainvilliers
0%
La Grée-Saint-Laurent
0%
Lailly
0%
La Trinité
0%
Le Bouchaud
0%
Le Mesnil-au-Grain
0%
Le Theil-Nolent
0%
Le Villey
0%
Liéramont
0%
Longepierre
0%
Meigneux
0%
Monchaux-Soreng
0%
Monplaisant
0%
Montberthault
0%
Moydans
0%
Nollieux
0%
Pannecières
0%
Pouillé-les-Côteaux
0%
Razines
0%
Ribécourt-la-Tour
0%
Rocles
0%
Sainte-Gemme
0%
Saint-Gratien-Savigny
0%
Saint-Jean-la-Bussière
0%
Saint-Junien-la-Bregère
0%
Saint-Méard
0%
Servignat
0%
Thieuloy-Saint-Antoine
0%
Thoigné
0%
Vallans
0%
Vaugines
0%
Vauthiermont
0%
Végennes
0%
Vélieux
0%
Vergheas
0%
Verquières
0%
Viéthorey
0%
Villamée
0%
Aucun quiz correspondant
Distribution des résultats
% des personnes avec chaque résultat
Percentile par nombre de réponses
Votre historique - résultats
Vous n’avez pas pris ce quiz